| 000 | 00407nam a22001457a 4500 | ||
|---|---|---|---|
| 999 |
_c164145 _d164145 |
||
| 082 |
_a _b |
||
| 100 | _aNair K N | ||
| 100 | _aAntonyto Paul | ||
| 100 | _aVineetha Menon | ||
| 245 |
_aWater insecurity instructions and livelihood dynamics: _ba study in Plachimada Kerala/ _cNair K N , Antonyto Paul and Vineetha Menon. |
||
| 260 |
_a _bDaamsh, _c2008. |
||
| 300 | _a128p. | ||
| 650 | _a | ||
| 942 | _cBK | ||